Orthogonal functions /

Guardado en:
Autor Principal: Sansone, Giovanni, 1888-
Otros Autores: Hille, Einar, 1894-1980. (Autor de introducción, etc.)
Formato: Libro
Idioma:English
Italian
Publicado: New York : Interscience, 1959.
Edición:Rev. English ed.
Series:Pure and applied mathematics, a series of texts and monographs ; v. 9
Etiquetas: Agregar Etiqueta
Sin Etiquetas, Sea el primero en etiquetar este registro!
LEADER 00858nam a22002055a 4500
001 MAT.inmabb000505
008 031117s1959####nyu###########000#0#eng#d
005 20110309185442.0
245 1 0 |a Orthogonal functions /  |c G. Sansone ; translated from the Italian by Ainsley H. Diamond ; with a foreword by Einar Hille. 
250 |a Rev. English ed. 
260 |a New York :  |b Interscience,  |c 1959. 
300 |a xii, 411 p. 
440 0 |a Pure and applied mathematics, a series of texts and monographs ;  |v v. 9 
500 |a Publicado originalmente como Parte II de Moderna Teoria delle Funzioni di Variable Reale, en la serie Monografie di Matematica Applicata. 
510 4 |a MR,  |c 21 #2140 
100 1 |a Sansone, Giovanni,  |d 1888- 
700 1 |a Hille, Einar,  |d 1894-1980.  |4 aui 
084 |a 42Cxx (41-02)  |2 msc2000 
041 1 |a eng  |h ita 
859 |h 42  |i Sa229  |p A-281  |b BIB. MATEMATICA